书目信息 |
| 题名: |
标准韩国语同步练习册
|
|
| 作者: | 尹敬爱 , 权赫哲 编著 | |
| 分册: | 第三册 | |
| 出版信息: | 南京 东南大学出版社 2008.10 |
|
| 页数: | 291页 | |
| 开本: | 26cm | |
| 丛书名: | ||
| 单 册: | ||
| 中图分类: | H55-44 | |
| 科图分类: | ||
| 主题词: | 韩国语--han guo yu--习题 | |
| 电子资源: | ||
| ISBN: | 978-7-5641-1380-3 | |
| 000 | 00944nam0 2200265 450 | |
| 001 | 012009235069 | |
| 005 | 20090623164615.62 | |
| 010 | @a978-7-5641-1380-3@dCNY30.00 | |
| 100 | @a20090623d2008 em y0chi0120 ea | |
| 101 | 0 | @achi@akor |
| 102 | @aCN@b320000 | |
| 105 | @ak z 001yy | |
| 106 | @ar | |
| 200 | 1 | @a标准韩国语同步练习册@Abiao zhun han guo yu tong bu lian xi ce@h第三册@f尹敬爱, 权赫哲编著@Fyin jing ai,quan he zhe bian zhu |
| 210 | @a南京@c东南大学出版社@d2008.10 | |
| 215 | @a291页@d26cm | |
| 300 | @a佳禾外语 | |
| 320 | @a有索引 | |
| 330 | @a本书是以韩国语中级读者为对象编写的综合练习题集。编写了“阅读理解”、“口语”、“写作”、“翻译”等专题的练习题,旨在培养和提高读者说、读、写、译的综合能力。 | |
| 606 | 0 | @a韩国语@Ahan guo yu@j习题 |
| 690 | @aH55-44@v4 | |
| 701 | 0 | @a尹敬爱@Ayin jing ai@4编著 |
| 701 | 0 | @a权赫哲@Aquan he zhe@4编著 |
| 801 | 0 | @aCN@bQSSK@c20090623 |
| 905 | @b748691-93@dH55-44@eY596:3@f3 | |
| 标准韩国语同步练习册.第三册/尹敬爱, 权赫哲编著.-南京:东南大学出版社,2008.10 |
| 291页;26cm |
| 佳禾外语 |
| ISBN 978-7-5641-1380-3:CNY30.00 |
| 本书是以韩国语中级读者为对象编写的综合练习题集。编写了“阅读理解”、“口语”、“写作”、“翻译”等专题的练习题,旨在培养和提高读者说、读、写、译的综合能力。 |
| ● |
| 相关链接 |
|
|
|
正题名:标准韩国语同步练习册
索取号:H55-44/Y596:3
 
预约/预借
| 序号 | 登录号 | 条形码 | 馆藏地/架位号 | 状态 | 备注 |
| 1 | 748691 | 207486914 | 语言库209/209语言库 136排2列5层/ [索取号:H55-44/Y596:3] | 在馆 | |
| 2 | 748692 | 207486923 | 语言库209/209语言库 136排2列5层/ [索取号:H55-44/Y596:3] | 在馆 | |
| 3 | 748693 | 207486932 | 语言库209/209语言库 136排2列5层/ [索取号:H55-44/Y596:3] | 在馆 |